00797nam a2200217Ia 4500008004100000020001800041040001800059041000800077100004500085245021100130250001100341260004400352300001800396500002200414650001200436650003100448650001300479650001400492700004000506710003300546130821s2012 ir gr spa  a9789642824366 aCo-BoUCMbspa00aspa1 aHusain Tabatabai, Allamah Seyed Muhammad10aIntroducción al conocimiento del Islam un análisis resumido en cuanto a creencias, moral y leyes prácticascAllamah Seyed Muhammad Husain Tabatabai ; traducción al español Rashid Busto Marchante. a2a ed. aTeherán (Irán)bElhame Sharghc2012 a238 páginas aIncluye índice.04aCorán04aFundamentalismo islámico04aIglesias04aIslamismo1 aBusto Marchante, Rashidetraductor.2 aFundación Cultural Oriente